Anar al contingut

Вестник Удмуртского университета. Серия 5. История и филология, 2005, № 7 Журнал

Guardat en:
Dades bibliogràfiques
Format: Журнал
Edició:1
Accés en línia:https://znanium.com/catalog/document?id=8892
https://znanium.com/cover/0503/503078.jpg
Etiquetes: Afegir etiqueta
Sense etiquetes, Sigues el primer a etiquetar aquest registre!
LEADER 01017nam0a2200205 i 4500
001 RU\infra-m\znanium\bibl\503078
003 https://znanium.com/catalog/document?id=8892
005 20210119000000.0
100 |a 20210119d2015 m y0rusy0150 ca 
101 0 |a rus 
102 |a RU 
200 1 |a Вестник Удмуртского университета. Серия 5. История и филология, 2005, № 7  |e Журнал 
205 |a 1 
210 1 |a Ижевск  |c ФГБОУ ВПО "Удмуртский Государственный университет"  |d 2005 
215 |a 250 с. 
333 |a Аспирантура 
608 |a Журнал  |2 local 
801 0 |a RU  |b Общество с ограниченной ответственностью «ЗНАНИУМ»  |c 20150130  |2 rusmarc 
856 4 |a znanium.com  |m ebs_support@infra-m.ru  |n НИЦ ИНФРА-М  |u https://znanium.com/catalog/document?id=8892 
856 4 1 |a znanium.com  |d /cover/0503  |f 503078.jpg  |q image/jpeg  |u https://znanium.com/cover/0503/503078.jpg